| 000 | 00845cam a22002291i 4500 | ||
|---|---|---|---|
| 003 | SA-RiAUC | ||
| 005 | 20250901100451.0 | ||
| 008 | 250831q19001999le g 000 1 ara c | ||
| 040 |
_aSA-JeALM _bara _cSA-RiAUC _erda |
||
| 041 | 1 |
_aara _heng |
|
| 082 | 0 | 4 |
_a823 _qSA-RiAUC |
| 090 |
_a823 _bك ر ي |
||
| 100 | 1 |
_aكريستي، أجاثا، _d1890-1976 _eمؤلف. |
|
| 245 | 1 | 0 |
_aمغامرات بوارو / _cأجاثا كريستي. |
| 264 | 1 |
_aبيروت : _bالمكتبة الثقافية، _c[بين 1900 و1999] |
|
| 300 |
_a159 صفحة _c24 سم. |
||
| 336 |
_aنص _btxt _2rdacontent _3كتاب |
||
| 337 |
_aبدون وسيط _bn _2rdamedia |
||
| 650 | 7 |
_aالقصص الإنجليزية البوليسية _yقرن 20 _vترجمات إلى العربية _2aucsh |
|
| 942 |
_2ddc _cBOOK _n0 |
||
| 949 |
_aSA-JeALM _d250831 _uosman123 _n1 |
||
| 999 |
_c11365 _d11365 |
||